Agricultura y Sociedad/

Збережено в:
Бібліографічні деталі
Формат: Книга
Мова:Spanish
Опубліковано: Santiago, Chile: Grupo de Investigaciones Agrarias
Теги: Додати тег
Немає тегів, Будьте першим, хто поставить тег для цього запису!

MARC

LEADER 00000nam a22000007a 4500
003 cru CIDCACS/IIS
005 20190930102608.0
007 ta
008 190930n cl |||||r||||||0| z spa d
999 |c 42419  |d 42419 
040 |c cru CIDCACS/IIS 
090 |a REV0011 
245 0 |a Agricultura y Sociedad/  |c Grupo de Investigaciones Agrarias. Academia de Humanismo Cristiano 
260 |a Santiago, Chile:  |b Grupo de Investigaciones Agrarias 
942 |2 ddc  |c PP